25 Największych miast Francji na mapie - Statystyki

Ogólne statystyki
  • Ten quiz został rozwiązany 49 razy
  • Średni wynik to 14 z 25
Odpowiedzi na mapie
Odpowiedzi zakodowano w zielono-czerwonej skali na mapie do tego quizu, zgodnie z poniższymi procentami.
 
Statystyki odpowiedzi
Populacja Miasto % Poprawnych
870k Marsylia
100%
2,1 mln Paryż
100%
520k Lyon
96%
350k Nicea
96%
290k Strasburg
96%
265k Bordeaux
86%
240k Lille
82%
300k Montpellier
82%
510k Tuluza
75%
325k Nantes
71%
140k Brest
68%
230k Rennes
64%
160k Dijon
54%
180k Reims
54%
170k Saint-Etienne
54%
170k Hawr
50%
160k Grenoble
39%
160k Angers
36%
150k Saint-Denis
32%
180k Tulon
32%
150k Clermont-Ferrand
18%
150k Aix-en-Provence
14%
150k Le Mans
14%
150k Nîmes
14%
160k Villeurbanne
11%
Nie znaleziono quizów pasujących do podanych kryteriów
Rozkład punktacji
Procent ludzi z każdym wynikiem
Percentyl według liczby udzielonych odpowiedzi
Twoja historia wyników
Nie rozwiązałeś tego quizu